Loading...
| Science - Biology | 0 | 4 | 1 | 1 | 35 | 74 | 91.25 | 0 | 4 |
| Fine Arts - Visual Fine Arts | 1 | 1 | 1 | 1 | 20 | 31 | 79.00 | 1 | 1 |
| Social Science | 0 | 2 | 0 | 2 | 20 | 120 | 127.00 | 0 | 2 |
| Fine Arts - Auditory Fine Arts | 0 | 2 | 0 | 0 | 20 | 101 | 106.50 | 0 | 2 |
| Fine Arts - Other Fine Arts | 1 | 0 | 0 | 0 | 15 | 67 | 67.00 | 1 | 1 |
| Mythology | 0 | 2 | 1 | 0 | 15 | 111 | 117.50 | 0 | 0 |
| Current Events | 0 | 1 | 0 | 1 | 10 | 95 | 95.00 | 0 | 0 |
| History - European History | 0 | 1 | 0 | 0 | 10 | 87 | 87.00 | 0 | 1 |
| Literature - British Literature | 0 | 1 | 0 | 0 | 10 | 84 | 84.00 | 0 | 1 |
| Science - Chemistry | 1 | 0 | 1 | 0 | 10 | 38 | 38.00 | 1 | 1 |
| Literature - European Literature | 0 | 1 | 1 | 0 | 5 | 98 | 98.00 | 1 | 1 |
| Geography | 0 | 1 | 1 | 0 | 5 | 85 | 85.00 | 1 | 1 |
| Pop Culture | 0 | 0 | 1 | 0 | -5 | 0.00 | 0 | 0 | |
| History - World History | 0 | 0 | 1 | 0 | -5 | 0.00 | 0 | 0 | |
| Literature - World Literature | 0 | 0 | 1 | 0 | -5 | 0.00 | 0 | 0 | |
| Religion | 0 | 0 | 2 | 0 | -10 | 0.00 | 0 | 0 |